| 000 | 00712nam a2200205Ia 4500 | ||
|---|---|---|---|
| 001 | 4231 | ||
| 003 | GE_BSU | ||
| 008 | 181216s||||||||xx |||||||||||||| ||und|| | ||
| 040 | _cGE_BSU | ||
| 080 | _a665.6.041(075.8) | ||
| 100 | _aГоломшток, И.С. Овсянников, Д.В. Самсонов, Н.А. | ||
| 245 | _aПроектирование и принципы сооружения нефтезаводов. | ||
| 245 | _cРед. В.П. Суханов. | ||
| 260 | _aМ. | ||
| 260 | _bГостоптехиздат. | ||
| 260 | _c1960. | ||
| 300 | _a354 стр. 22 см. | ||
| 653 | _aПроектирование и принципы сооружения нефтезаводов. | ||
| 942 | _cBK | ||
| 999 |
_c38241 _d38241 |
||